SRIMADBHAGVAD GEETA (Record no. 67019)
[ view plain ]
| 000 -LEADER | |
|---|---|
| fixed length control field | 00378nam a22001577a 4500 |
| 003 - CONTROL NUMBER IDENTIFIER | |
| control field | OSt |
| 005 - DATE AND TIME OF LATEST TRANSACTION | |
| control field | 20260210144237.0 |
| 008 - FIXED-LENGTH DATA ELEMENTS--GENERAL INFORMATION | |
| fixed length control field | 260210b |||||||| |||| 00| 0 eng d |
| 020 ## - INTERNATIONAL STANDARD BOOK NUMBER | |
| International Standard Book Number | 9789364485401 |
| 040 ## - CATALOGING SOURCE | |
| Transcribing agency | IIMT UNIVERSITY |
| 100 ## - MAIN ENTRY--PERSONAL NAME | |
| Personal name | GOYANDKA, JAYDAYAL |
| 245 ## - TITLE STATEMENT | |
| Title | SRIMADBHAGVAD GEETA |
| 260 ## - PUBLICATION, DISTRIBUTION, ETC. | |
| Place of publication, distribution, etc. | GORAKHPUR |
| Name of publisher, distributor, etc. | GEETA PRESS |
| Date of publication, distribution, etc. | S. 2082 |
| 300 ## - PHYSICAL DESCRIPTION | |
| Extent | 672 |
| 942 ## - ADDED ENTRY ELEMENTS (KOHA) | |
| Source of classification or shelving scheme | |
| Koha item type | Text-Book- for 7 days |
| Withdrawn status | Lost status | Source of classification or shelving scheme | Damaged status | Not for loan | Home library | Current library | Date acquired | Source of acquisition | Cost, normal purchase price | Inventory number | Total Checkouts | Full call number | Barcode | Date last seen | Date last checked out | Uniform Resource Identifier | Price effective from | Koha item type |
|---|---|---|---|---|---|---|---|---|---|---|---|---|---|---|---|---|---|---|
| IIMT University Central Library Meerut | IIMT University Central Library Meerut | 02/10/2026 | CHAIRMEN SIR | 250.00 | DO NATED | 1 | 294.5924 GOY | 28-S-4957 | 04/08/2026 | 03/31/2026 | Religious Literature (Hinduism) | 02/10/2026 | Text-Book- for 7 days |

